LIBRARY & INFORMATION CENTRE, KCAET, TAVANUR

ONLINE PUBLIC ACCESS CATALOGUE (OPAC)

Drinage engineering: principles and practices (Record no. 15533)

MARC details
000 -LEADER
fixed length control field 00373nam a22001457a 4500
003 - CONTROL NUMBER IDENTIFIER
control field OSt
008 - FIXED-LENGTH DATA ELEMENTS--GENERAL INFORMATION
fixed length control field 181015b ||||| |||| 00| 0 eng d
020 ## - INTERNATIONAL STANDARD BOOK NUMBER
ISBN 9789387307032
082 ## - DEWEY DECIMAL CLASSIFICATION NUMBER
Classification number 627.52
Item number GUP/DR
100 ## - MAIN ENTRY--AUTHOR NAME
Personal name Gupta, S.K
245 ## - TITLE STATEMENT
Title Drinage engineering: principles and practices
260 ## - PUBLICATION, DISTRIBUTION, ETC. (IMPRINT)
Place of publication Jodhpur
Name of publisher Scientific publishers
Year of publication c2019
300 ## - PHYSICAL DESCRIPTION
Number of Pages 531
942 ## - ADDED ENTRY ELEMENTS (KOHA)
Koha item type Books
Holdings
Withdrawn status Lost status Damaged status Home library Current library Date acquired Full call number Accession Number Koha item type
      KAUAET KAUAET 15/10/2018 627.52 GUP/DR 25688 Books
free website counter